000 00322nam a2200121 i 4500
001 bg
245 0 _aLaboratorium elektroniki stosowanej :
_binstrukcja do ćwiczeń.
_nCz. 1,
_pElementy i układy.
260 _aKatowice,
_c1970.
040 _cBPK
041 _apol
942 _cKS
008 s pl f |000 0 pol
999 _c7036
_d7036
856 _uhttp://koha.tu.koszalin.pl/cgi-bin/koha/opac-detail.pl?biblionumber=7036
_yKatalog online BPK